It all begins with the music (Record no. 57854)
[ view plain ]
| 000 -LEADER | |
|---|---|
| fixed length control field | 01699nam a2200337 a 4500 |
| 100 1# - MAIN ENTRY--AUTHOR NAME | |
| Personal name | Grierson, Don, |
| 245 10 - TITLE STATEMENT | |
| Title | It all begins with the music |
| 260 ## - PUBLICATION, DISTRIBUTION, ETC. (IMPRINT) | |
| Place of publication | Boston, MA : |
| Name of publisher | Course Technology, |
| Year of publication | c2009. |
| 300 ## - PHYSICAL DESCRIPTION | |
| Number of Pages | xxx, 258 p. |
| 500 ## - GENERAL NOTE | |
| General note | Includes index. |
| 505 0# - FORMATTED CONTENTS NOTE | |
| Formatted contents note | The songwriter -- The artist -- The A&R exec/The label -- The producer -- The mixer -- The manager -- Film/TV -- The lawyer -- New days, new directions, new ideas -- The publisher -- The performing rights organization -- The American idol -- Music as the international language. |
| 520 ## - SUMMARY, ETC. | |
| Summary, etc | An examination of the various professions in the music business, with examples and interview excerpts of individuals in these fields. |
| 650 #0 - SUBJECT ADDED ENTRY--TOPICAL TERM | |
| Topical Term | Music trade |
| Topical Term | Music |
| 700 1# - ADDED ENTRY--PERSONAL NAME | |
| Personal name | Kimpel, Dan, |
| 856 40 - ELECTRONIC LOCATION AND ACCESS | |
| Uniform Resource Identifier | http://site.ebrary.com/lib/rucke/Doc?id=10314632 |
No items available.
